| 000 | 00389nam a22001697a 4500 | ||
|---|---|---|---|
| 005 | 20160618105029.0 | ||
| 008 | 160618b xxu||||| |||| 00| 0 eng d | ||
| 020 | _a81-7886-584-0 | ||
| 041 | _aeng | ||
| 082 | _b8083 | ||
| 100 |
_aBanerjee, R.P. _9788 |
||
| 245 | _aEthics in Business and Management | ||
| 260 |
_bHPH _c2003 |
||
| 300 | _a214 | ||
| 650 |
_aManagement _9241 |
||
| 942 | _cBK | ||
| 999 |
_c3049 _d3048 |
||